Biggest Cities in South America - Statistics

General Stats
  • This quiz has been taken 59 times
  • The average score is 69 of 575
Answer Stats
Population Country City % Correct
6,747,815 Brazil Rio de Janeiro
98%
12,325,232 Brazil São Paulo
98%
3,055,149 Brazil Brasília
96%
8,838,102 Peru Lima
96%
7,743,955 Colombia Bogotá
94%
2,087,700 Venezuela Caracas
94%
816,044 Bolivia La Paz
94%
1,607,734 Ecuador Quito
94%
5,220,161 Chile Santiago
94%
2,891,082 Argentina Buenos Aires
92%
2,219,580 Brazil Manaus
92%
1,304,687 Uruguay Montevideo
92%
2,533,424 Colombia Medellín
90%
2,252,616 Colombia Cali
86%
521,600 Paraguay Asunción
84%
552,154 Colombia Bello
84%
1,653,461 Brazil Recife
84%
2,886,698 Brazil Salvador
84%
2,686,612 Brazil Fortaleza
82%
2,278,691 Ecuador Guayaquil
82%
295,476 Bolivia Sucre
82%
1,612,100 Argentina Córdoba
80%
1,488,252 Brazil Porto Alegre
80%
2,521,564 Brazil Belo Horizonte
76%
1,028,736 Colombia Cartagena
76%
2,262,600 Venezuela Maracaibo
76%
477,300 Peru Cusco
73%
1,274,250 Colombia Barranquilla
71%
240,924 Suriname Paramaribo
71%
1,722,480 Bolivia Santa Cruz de la Sierra
71%
1,499,641 Brazil Belém
69%
1,948,626 Brazil Curitiba
67%
118,369 Guyana Georgetown
67%
1,339,500 Argentina Rosario
65%
1,585,500 Venezuela Valencia
65%
1,536,097 Brazil Goiânia
57%
1,053,500 Argentina Mendoza
55%
890,480 Brazil Natal
55%
315,732 Chile Valparaíso
55%
1,108,975 Brazil São Luís
53%
454,200 Venezuela Barcelona
51%
1,213,792 Brazil Campinas
49%
724,126 Bolivia Cochabamba
49%
433,656 Brazil Santos
45%
852,800 Argentina La Plata
43%
512,000 Argentina San Juan
43%
1,081,900 Peru Arequipa
41%
508,826 Brazil Florianópolis
41%
644,400 Argentina Salta
39%
986,800 Peru Trujillo
39%
365,855 Brazil Vitória
39%
425,725 Chile Antofagasta
37%
607,428 Colombia Bucaramanga
37%
425,000 Venezuela Ciudad Bolívar
37%
238,092 Chile Concepción
37%
422,900 Peru Iquitos
35%
902,200 Argentina San Miguel de Tucumán
35%
540,200 Argentina Santa Fe
33%
283,677 Brazil Santa Maria
33%
464,700 Venezuela Maracay
31%
119,736 Brazil Salto
31%
104,011 Uruguay Salto
31%
1,089,100 Venezuela Barquisimeto
29%
1,025,360 Brazil Maceió
29%
626,300 Argentina Mar del Plata
29%
419,652 Brazil Boa Vista
27%
906,092 Brazil Campo Grande
27%
304,300 Paraguay Ciudad del Este
27%
893,400 Venezuela Ciudad Guayana
27%
924,624 Brazil Duque de Caxias
27%
943,558 Bolivia El Alto
27%
817,511 Brazil João Pessoa
27%
250,181 Brazil São José
27%
299,000 Argentina Bahía Blanca
25%
618,124 Brazil Cuiabá
25%
868,075 Brazil Teresina
25%
699,097 Brazil Uberlândia
25%
651,100 Peru Chiclayo
24%
329,928 Ecuador Cuenca
24%
254,900 Argentina Formosa
24%
123,684 Brazil Formosa
24%
1,392,121 Brazil Guarulhos
24%
269,398 Chile Puerto Montt
24%
538,612 Colombia Santa Marta
24%
306,480 Brazil Santarém
24%
361,371 Chile Viña del Mar
24%
664,908 Brazil Aracaju
22%
994,494 Peru Callao
22%
597,658 Brazil Joinville
22%
141,984 Chile Punta Arenas
22%
777,106 Colombia San José de Cúcuta
22%
1,091,737 Brazil São Gonçalo
22%
575,377 Brazil Londrina
20%
512,902 Brazil Macapá
20%
395,600 Argentina Neuquén
20%
290,500 Argentina Paraná
20%
343,132 Brazil Pelotas
20%
306,678 Brazil Petrópolis
20%
432,800 Argentina Resistencia
20%
211,965 Brazil Rio Grande
20%
247,552 Chile Arica
18%
393,200 Argentina Corrientes
18%
310,600 Peru Ica
18%
223,463 Chile Iquique
18%
249,656 Chile La Serena
18%
127,138 Colombia Madrid
18%
247,032 Brazil Novo Hamburgo
18%
302,643 Bolivia Oruro
18%
306,296 Brazil Palmas
18%
539,354 Brazil Porto Velho
18%
711,825 Brazil Ribeirão Preto
18%
115,900 Argentina Santa Rosa
18%
321,700 Peru Tacna
18%
235,200 Peru Ayacucho
16%
361,855 Brazil Blumenau
16%
165,525 Brazil Caxias
16%
258,248 Brazil Foz do Iguaçu
16%
541,101 Colombia Ibagué
16%
216,700 Argentina La Rioja
16%
218,515 Chile Los Ángeles
16%
217,553 Ecuador Manta
16%
289,800 Venezuela Mérida
16%
392,589 Colombia Pasto
16%
477,027 Colombia Pereira
16%
522,400 Peru Piura
16%
116,300 Venezuela Puerto Ayacucho
16%
413,418 Brazil Rio Branco
16%
115,700 Argentina Río Gallegos
16%
236,724 Chile Talca
16%
130,657 Bolivia Trinidad
16%
304,764 Colombia Armenia
14%
386,100 Peru Chimbote
14%
230,839 Ecuador Durán
14%
441,400 Peru Huancayo
14%
515,317 Brazil Niterói
14%
823,302 Brazil Nova Iguaçu
14%
325,477 Colombia Popayán
14%
361,400 Argentina Posadas
14%
220,260 Bolivia Potosí
14%
258,900 Paraguay San Lorenzo
14%
214,200 Argentina San Luis
14%
176,774 Chile Valdivia
14%
190,336 Chile Calama
12%
411,807 Brazil Campina Grande
12%
224,013 Brazil Chapecó
12%
215,800 Argentina Comodoro Rivadavia
12%
166,400 Argentina Concordia
12%
259,337 Brazil Imperatriz
12%
175,568 Brazil Itu
12%
573,285 Brazil Juiz de Fora
12%
430,157 Brazil Maringá
12%
699,944 Brazil Osasco
12%
354,317 Brazil Petrolina
12%
645,909 Chile Puente Alto
12%
137,800 Peru Puno
12%
131,800 Argentina San Carlos de Bariloche
12%
132,500 Argentina San Rafael
12%
844,483 Brazil São Bernardo do Campo
12%
665,021 Colombia Soledad
12%
687,357 Brazil Sorocaba
12%
268,387 Bolivia Tarija
12%
302,931 Chile Temuco
12%
142,645 Brazil Toledo
12%
311,827 Colombia Buenaventura
10%
223,900 Peru Cajamarca
10%
222,100 Argentina Catamarca
10%
517,451 Brazil Caxias do Sul
10%
171,766 Chile Copiapó
10%
256,735 Chile Coquimbo
10%
231,600 Venezuela Coro
10%
154,035 Ecuador Esmeraldas
10%
619,609 Brazil Feira de Santana
10%
413,487 Brazil Montes Claros
10%
393,115 Brazil Olinda
10%
284,600 Venezuela San Cristóbal
10%
100,400 Argentina San Martín
10%
123,096 Brazil Santana
10%
729,737 Brazil São José dos Campos
10%
337,092 Brazil Uberaba
10%
126,866 Brazil Uruguaiana
10%
532,956 Colombia Valledupar
10%
273,988 Brazil Volta Redonda
10%
356,800 Venezuela Barinas
8%
230,378 Brazil Cabo Frio
8%
217,311 Brazil Criciúma
8%
426,757 Brazil Diadema
8%
223,112 Brazil Itajaí
8%
276,264 Brazil Juazeiro do Norte
8%
308,400 Peru Juliaca
8%
446,160 Colombia Manizales
8%
508,200 Venezuela Maturín
8%
150,658 Brazil Porto Seguro
8%
330,845 Brazil Praia Grande
8%
380,000 Peru Pucallpa
8%
110,500 Argentina Puerto Madryn
8%
265,211 Chile Rancagua
8%
236,042 Brazil Rondonópolis
8%
353,200 Argentina San Salvador de Jujuy
8%
401,800 Argentina Santiago del Estero
8%
721,368 Brazil Santo André
8%
254,484 Brazil São Carlos
8%
106,049 Brazil São Pedro da Aldeia
8%
527,240 Brazil Serra
8%
753,548 Colombia Soacha
8%
107,400 Argentina Trelew
8%
545,302 Colombia Villavicencio
8%
391,772 Brazil Anápolis
6%
121,335 Brazil Bagé
6%
184,833 Brazil Barra Mansa
6%
210,729 Colombia Barrancabermeja
6%
137,689 Brazil Brusque
6%
511,168 Brazil Campos dos Goytacazes
6%
241,000 Paraguay Capiatá
6%
332,333 Brazil Cascavel
6%
384,900 Venezuela Cumaná
6%
163,626 Chile Curicó
6%
225,495 Brazil Dourados
6%
173,011 Colombia Florencia
6%
355,901 Brazil Franca
6%
281,046 Brazil Governador Valadares
6%
214,800 Peru Huánuco
6%
101,395 Brazil Itaituba
6%
505,334 Colombia Montería
6%
300,618 Brazil Mossoró
6%
364,408 Colombia Neiva
6%
173,410 Chile Osorno
6%
407,252 Brazil Piracicaba
6%
355,336 Brazil Ponta Grossa
6%
126,500 Venezuela Porlamar
6%
104,600 Argentina Rafaela
6%
105,100 Argentina Reconquista
6%
182,200 Argentina Río Cuarto
6%
334,836 Chile San Bernardo
6%
174,300 Venezuela San Felipe
6%
126,400 Venezuela Santa Lucía
6%
161,957 Brazil São Caetano do Sul
6%
238,648 Brazil São Leopoldo
6%
293,951 Colombia Sincelejo
6%
501,325 Brazil Vila Velha
6%
341,128 Brazil Vitória da Conquista
6%
115,969 Brazil Altamira
4%
165,185 Ecuador Ambato
4%
242,018 Brazil Americana
4%
535,547 Brazil Ananindeua
4%
590,146 Brazil Aparecida de Goiânia
4%
183,381 Brazil Araguaína
4%
105,087 Brazil Assis
4%
138,204 Brazil Barbacena
4%
156,975 Brazil Barreiras
4%
379,297 Brazil Bauru
4%
513,118 Brazil Belford Roxo
4%
444,784 Brazil Betim
4%
128,914 Brazil Bragança
4%
299,700 Venezuela Cabimas
4%
210,589 Brazil Cachoeiro de Itapemirim
4%
304,302 Brazil Camaçari
4%
348,208 Brazil Canoas
4%
365,278 Brazil Caruaru
4%
125,829 Chile Coronel
4%
112,058 Brazil Corumbá
4%
240,408 Brazil Divinópolis
4%
180,500 Venezuela Guatire
4%
129,100 Peru Huaraz
4%
131,856 Ecuador Ibarra
4%
159,923 Brazil Ilhéus
4%
242,543 Brazil Itaboraí
4%
102,701 Brazil Itacoatiara
4%
375,011 Brazil Itaquaquecetuba
4%
706,867 Brazil Jaboatão dos Guararapes
4%
181,173 Brazil Jaraguá do Sul
4%
157,349 Brazil Lages
4%
170,280 Ecuador Loja
4%
230,800 Venezuela Los Teques
4%
211,508 Brazil Luziânia
4%
261,501 Brazil Macaé
4%
231,260 Ecuador Machala
4%
283,542 Brazil Marabá
4%
450,785 Brazil Mogi das Cruzes
4%
114,352 Brazil Ourinhos
4%
115,363 Brazil Parintins
4%
204,722 Brazil Passo Fundo
4%
170,132 Brazil Pindamonhangaba
4%
230,371 Brazil Presidente Prudente
4%
150,827 Ecuador Quevedo
4%
132,312 Brazil Resende
4%
208,008 Brazil Rio Claro
4%
201,839 Colombia Riohacha
4%
464,983 Brazil São José do Rio Preto
4%
210,711 Brazil Sobral
4%
131,105 Colombia Sogamoso
4%
204,200 Peru Sullana
4%
300,559 Brazil Suzano
4%
158,345 Chile Talcahuano
4%
130,200 Argentina Tandil
4%
162,700 Peru Tarapoto
4%
184,240 Brazil Teresópolis
4%
106,422 Brazil Tubarão
4%
218,812 Colombia Tuluá
4%
179,263 Colombia Tunja
4%
116,797 Brazil Ubá
4%
287,526 Brazil Várzea Grande
4%
110,100 Argentina Villa María
4%
177,688 Colombia Yopal
4%
356,700 Venezuela Acarigua
2%
152,327 Brazil Alagoinhas
2%
138,700 Venezuela Anaco
2%
207,044 Brazil Angra dos Reis
2%
127,744 Colombia Apartadó
2%
198,129 Brazil Araçatuba
2%
117,825 Brazil Araguari
2%
233,047 Brazil Arapiraca
2%
135,506 Brazil Araras
2%
134,293 Brazil Araruama
2%
107,337 Brazil Araxá
2%
144,088 Brazil Atibaia
2%
104,790 Brazil Bacabal
2%
145,796 Brazil Balneário Camboriú
2%
100,764 Brazil Barra do Piraí
2%
276,982 Brazil Barueri
2%
148,130 Brazil Botucatu
2%
208,944 Brazil Cabo de Santo Agostinho
2%
136,400 Venezuela Cagua
2%
155,200 Venezuela Calabozo
2%
133,865 Brazil Campo Largo
2%
203,251 Brazil Castanhal
2%
149,570 Colombia Chía
2%
198,624 Chile Chillán
2%
124,339 Colombia Ciénaga
2%
153,400 Venezuela Ciudad Ojeda
2%
123,116 Brazil Codó
2%
246,540 Brazil Colombo
2%
668,949 Brazil Contagem
2%
165,600 Venezuela Cúa
2%
126,670 Colombia Duitama
2%
215,800 Venezuela El Tigre
2%
242,197 Colombia Envigado
2%
106,633 Brazil Erechim
2%
307,896 Colombia Floridablanca
2%
177,633 Brazil Francisco Morato
2%
109,792 Colombia Girardot
2%
283,620 Brazil Gravataí
2%
175,400 Venezuela Guanare
2%
182,644 Brazil Guarapuava
2%
234,259 Brazil Hortolândia
2%
103,074 Brazil Iguatu
2%
256,223 Brazil Indaiatuba
2%
213,685 Brazil Itabuna
2%
289,994 Colombia Itagüí
2%
165,526 Brazil Itapetininga
2%
240,961 Brazil Itapevi
2%
122,581 Brazil Itatiba
2%
105,809 Brazil Itumbiara
2%
130,009 Brazil Ji-Paraná
2%
423,006 Brazil Jundiaí
2%
104,783 Brazil Lavras
2%
308,482 Brazil Limeira
2%
101,073 Chile Linares
2%
108,700 Argentina Luján
2%
260,200 Paraguay Luque
2%
229,458 Brazil Maracanaú
2%
164,504 Brazil Maricá
2%
477,552 Brazil Mauá
2%
191,158 Brazil Nova Friburgo
2%
129,308 Colombia Ocaña
2%
175,272 Brazil Palhoça
2%
354,285 Colombia Palmira
2%
114,503 Brazil Paragominas
2%
156,174 Brazil Paranaguá
2%
213,576 Brazil Parauapebas
2%
153,482 Brazil Parnaíba
2%
267,036 Brazil Parnamirim
2%
118,516 Brazil Paulo Afonso
2%
182,959 Colombia Piedecuesta
2%
128,630 Colombia Pitalito
2%
168,641 Brazil Poços de Caldas
2%
299,500 Venezuela Puerto La Cruz
2%
154,100 Venezuela Punto Fijo
2%
169,360 Bolivia Quillacollo
2%
167,085 Chile Quilpué
2%
101,755 Bolivia Riberalta
2%
146,324 Ecuador Riobamba
2%
155,193 Brazil Rio das Ostras
2%
142,995 Colombia Rionegro
2%
141,900 Argentina San Nicolás de los Arroyos
2%
137,349 Brazil Santa Rita
2%
270,875 Ecuador Santo Domingo de los Colorados
2%
329,058 Brazil São José dos Pinhais
2%
132,642 Brazil São Mateus
2%
368,355 Brazil São Vicente
2%
146,005 Brazil Sinop
2%
286,211 Brazil Sumaré
2%
122,967 Brazil Tatuí
2%
317,915 Brazil Taubaté
2%
140,937 Brazil Teófilo Otoni
2%
129,823 Brazil Trindade
2%
257,052 Colombia Tumaco
2%
107,500 Peru Tumbes
2%
379,500 Venezuela Turmero
2%
165,500 Venezuela Valera
2%
131,210 Brazil Valinhos
2%
136,602 Brazil Varginha
2%
123,071 Brazil Várzea Paulista
2%
102,211 Brazil Vilhena
2%
123,599 Brazil Votorantim
2%
109,400 Argentina Zárate
2%
159,080 Brazil Abaetetuba
0%
100,346 Brazil Abreu e Lima
0%
113,121 Brazil Açailândia
0%
118,652 Colombia Aguachica
0%
217,698 Brazil Águas Lindas de Goiás
0%
120,041 Brazil Almirante Tamandaré
0%
211,352 Brazil Alvorada
0%
136,234 Brazil Apucarana
0%
103,101 Brazil Aracruz
0%
124,810 Brazil Arapongas
0%
238,339 Brazil Araraquara
0%
146,214 Brazil Araucária
0%
109,523 Brazil Ariquemes
0%
127,027 Brazil Barcarena
0%
122,833 Brazil Barretos
0%
121,803 Brazil Bento Gonçalves
0%
124,883 Brazil Birigui
0%
170,533 Brazil Bragança Paulista
0%
103,497 Brazil Breves
0%
128,945 Colombia Buga
0%
109,641 Chile Buin
0%
200,000 Venezuela Cabudare
0%
131,240 Brazil Cachoeirinha
0%
102,775 Brazil Caieiras
0%
158,899 Brazil Camaragibe
0%
107,341 Brazil Cambé
0%
139,364 Brazil Cametá
0%
123,389 Brazil Caraguatatuba
0%
403,183 Brazil Carapicuíba
0%
383,917 Brazil Cariacica
0%
113,600 Venezuela Carora
0%
137,302 Colombia Cartago
0%
159,300 Venezuela Carúpano
0%
110,983 Brazil Catalão
0%
122,497 Brazil Catanduva
0%
365,212 Brazil Caucaia
0%
108,409 Colombia Cereté
0%
145,500 Venezuela Charallave
0%
210,500 Peru Chincha Alta
0%
123,400 Brazil Colatina
0%
129,606 Brazil Conselheiro Lafaiete
0%
110,290 Brazil Coronel Fabriciano
0%
253,608 Brazil Cotia
0%
133,031 Brazil Crato
0%
131,626 Brazil Cubatão
0%
223,782 Colombia Dosquebradas
0%
116,700 Venezuela Ejido
0%
114,900 Venezuela El Limón
0%
114,396 Brazil Eunápolis
0%
155,978 Colombia Facatativá
0%
180,200 Paraguay Fernando de la Mora
0%
196,500 Brazil Ferraz de Vasconcelos
0%
156,492 Brazil Franco da Rocha
0%
105,086 Colombia Funza
0%
154,143 Colombia Fusagasugá
0%
140,577 Brazil Garanhuns
0%
171,904 Colombia Girón
0%
196,400 Venezuela Guacara
0%
126,701 Brazil Guarapari
0%
122,505 Brazil Guaratinguetá
0%
244,600 Venezuela Guarenas
0%
165,900 Peru Huacho
0%
182,153 Brazil Ibirité
0%
118,370 Brazil Igarassu
0%
265,409 Brazil Ipatinga
0%
115,836 Colombia Ipiales
0%
120,904 Brazil Itabira
0%
134,819 Brazil Itaguaí
0%
103,102 Brazil Itanhaém
0%
177,662 Brazil Itapecerica da Serra
0%
103,800 Brazil Itaperuna
0%
130,539 Brazil Itapipoca
0%
105,255 Brazil Ituiutaba
0%
235,416 Brazil Jacareí
0%
167,147 Colombia Jamundí
0%
126,356 Brazil Jandira
0%
105,548 Brazil Japeri
0%
102,065 Brazil Jataí
0%
151,881 Brazil Jaú
0%
156,126 Brazil Jequié
0%
182,700 Paraguay Lambaré
0%
126,898 Chile Lampa
0%
201,635 Brazil Lauro de Freitas
0%
112,900 Venezuela La Victoria
0%
104,346 Brazil Leme
0%
150,600 Paraguay Limpio
0%
176,688 Brazil Linhares
0%
115,461 Colombia Lorica
0%
140,156 Colombia Magangué
0%
185,072 Colombia Maicao
0%
101,937 Brazil Mairiporã
0%
139,566 Colombia Malambo
0%
105,800 Paraguay Mariano Roque Alonso
0%
114,800 Venezuela Mariara
0%
240,590 Brazil Marília
0%
133,685 Brazil Marituba
0%
141,612 Chile Melipilla
0%
133,508 Ecuador Milagro
0%
153,033 Brazil Mogi Guaçu
0%
135,931 Bolivia Montero
0%
109,392 Brazil Muriaé
0%
144,100 Paraguay Ñemby
0%
162,693 Brazil Nilópolis
0%
185,706 Brazil Nossa Senhora do Socorro
0%
105,520 Brazil Nova Serrana
0%
127,600 Venezuela Ocumare del Tuy
0%
121,269 Chile Ovalle
0%
128,700 Venezuela Palo Negro
0%
115,337 Brazil Passos
0%
108,192 Brazil Patos
0%
153,585 Brazil Patos de Minas
0%
112,003 Brazil Paulínia
0%
101,058 Chile Peñaflor
0%
441,700 Venezuela Petare
0%
133,490 Brazil Pinhais
0%
114,970 Brazil Piraquara
0%
118,349 Brazil Poá
0%
206,682 Ecuador Portoviejo
0%
152,549 Brazil Pouso Alegre
0%
104,700 Argentina Presidencia Roque Sáenz Peña
0%
191,000 Venezuela Puerto Cabello
0%
113,800 Venezuela Punta Cardón
0%
151,335 Brazil Queimados
0%
130,825 Colombia Quibdó
0%
338,197 Brazil Ribeirão das Neves
0%
124,159 Brazil Ribeirão Pires
0%
100,049 Colombia Sabanalarga
0%
208,913 Bolivia Sacaba
0%
110,233 Colombia Sahagún
0%
166,400 Venezuela San Fernando de Apure
0%
151,600 Venezuela San Juan de los Morros
0%
194,390 Brazil Santa Bárbara d'Oeste
0%
109,897 Brazil Santa Cruz do Capibaribe
0%
131,365 Brazil Santa Cruz do Sul
0%
220,444 Brazil Santa Luzia
0%
142,301 Brazil Santana de Parnaíba
0%
113,001 Colombia Santander de Quilichao
0%
102,380 Brazil Santo Antônio de Jesus
0%
132,138 Brazil São Félix do Xingu
0%
472,906 Brazil São João de Meriti
0%
114,079 Brazil São Lourenço da Mata
0%
141,808 Brazil Sapucaia do Sul
0%
118,451 Brazil Senador Canedo
0%
127,142 Brazil Sertãozinho
0%
241,835 Brazil Sete Lagoas
0%
135,783 Brazil Simões Filho
0%
293,652 Brazil Taboão da Serra
0%
108,969 Brazil Tailândia
0%
105,711 Brazil Tangará da Serra
0%
162,438 Brazil Teixeira de Freitas
0%
170,222 Brazil Timon
0%
105,200 Venezuela Tinaquillo
0%
123,281 Brazil Três Lagoas
0%
105,600 Venezuela Tucupita
0%
115,144 Brazil Tucuruí
0%
130,191 Colombia Turbaco
0%
113,440 Colombia Turbo
0%
112,500 Brazil Umuarama
0%
136,400 Venezuela Valle de la Pascua
0%
172,135 Brazil Valparaíso de Goiás
0%
129,765 Brazil Vespasiano
0%
256,302 Brazil Viamão
0%
139,310 Chile Villa Alemana
0%
111,254 Colombia Villa del Rosario
0%
127,300 Argentina Villa Mercedes
0%
139,583 Brazil Vitória de Santo Antão
0%
103,723 Bolivia Yacuíba
0%
100,200 Venezuela Yaritagua
0%
110,069 Colombia Yumbo
0%
146,352 Colombia Zipaquirá
0%
No matching quizzes found
Score Distribution
Percent of People with Each Score
Percentile by Number Answered
Your Score History
You have not taken this quiz